| 000 | 00942nam a22002417a 4500 | ||
|---|---|---|---|
| 001 | 82209 | ||
| 003 | BD-RjUL | ||
| 005 | 20231030165503.0 | ||
| 008 | 231030s2014 bg a|||| m||| 00| 0 eng d | ||
| 035 | _a(BD-RjUL)82209 | ||
| 040 |
_aBD-RjUL _beng _cBD-RjUL _dBD-RjUL |
||
| 041 | _aeng | ||
| 082 |
_223 _a307.14 _bISG 2014 |
||
| 100 |
_aIslam, Md. Shafiul _99796 |
||
| 245 | 1 | 0 |
_aGood governance in Rural development : _bA case study on a selected Government project / _cResearcher Md. Shafiul Islam ; _6Supervisor : Md. Moksuder Rahman |
| 260 |
_aRajshahi : _bDepartment of Public Administration, University of Rajshahi, _c2014 |
||
| 300 |
_axxi, 319 leaves : _bill, ; _c29.cm. |
||
| 502 | _aThesis (Ph. D.) -- Department of Public Administration, University of Rajshahi, 2014 | ||
| 504 | _aReferences : Leaves 294 -304 | ||
| 650 |
_aDevelopment _xCommunities _99797 |
||
| 700 |
_aRahman, Md. Moksuder, Supervisor _91240 |
||
| 942 |
_2ddc _cTHE |
||
| 999 |
_c82209 _d82209 |
||